Quizzes
Events
Quiz Creation
Community
Videos
Private Events
Remove Ads
Sign In
Join for FREE
Feedback
Dark Mode
Quiz Categories
Sports
Geography
Music
Movies
Television
Just For Fun
Miscellaneous
History
Literature
Language
Science
Gaming
Entertainment
Religion
Holiday
For Kids
Quiz Lab
Recent
Popular Today
Quiz Kudos Today
Editor Picks
Curator Picks
Quizzes by...
Day
Popularity
Type
Ratings
Length
Year
Community
Subscriptions
Recent Discussions
Orange Saloon
Badges
Playlists
Quests
Create
Leaderboards
Showdown
Live 5
Trivia Bingo
Activity
Puzzle Library
Sporcle Events
Private Events
Virtual Trivia
Globe League
Become a Host
Pub Owners
SporcleCon
Opinionation
Our Games
Videos
Blog
Mobile Apps
Partnerships
Remove Ads and Go Orange
Feedback
Sports
Athletes
MLB
NBA
NHL
NFL
Soccer
Sports Teams
WWE
NCAA
Football
Premier League
Basketball
Baseball
Hockey
Golf
Tennis
Cricket
Rugby
Auto Racing
Olympics
World Cup
Sports
Athletes
MLB
NBA
NHL
NFL
Soccer
Sports Teams
WWE
NCAA
Football
Premier League
Basketball
Baseball
Hockey
Golf
Tennis
Cricket
Rugby
Auto Racing
Olympics
World Cup
Random Quiz
Search Sporcle
×
Quiz Lab
Quiz Lab
Sports
Network
Type in answers that appear in a list
Type in answers that appear in a list
Classic
Best Score? Go Orange.
MLB Network Prime 9 Best Centerfielders Stats
Can you name the MLB Network Prime 9 Best Centerfielders?
By
smoggy14
2m
9 Questions
770 Plays
770 Plays
770 Plays
Comments
Comments
Give Quiz Kudos
Give Quiz Kudos
-
- Ratings
hide this ad
More Info
Replay
Link that replays current quiz
Next Quiz
Link to next quiz in quiz playlist
You Got
0%
They Got
Avg Score
82%
Avg Friend Score
Upgrade to see
Score Distribution
Jump to the score distribution portion of the page
Score
0/9
Timer
02:00
0
Plays Today
Team(S)
Player
% Correct
#1 Giants
Willie Mays
98.3%
#6 Mariners/
Reds
Ken Griffey Jr.
94.8%
#3 Yankees
Mickey Mantle
94.8%
#5 Yankees
Joe DiMaggio
87.3%
#9 Twins
Kirby Puckett
87%
#2 Tigers
Ty Cobb
84.8%
#8 Angles/
Cardinals
Jim Edmonds
77.5%
#7 Dodgers
Duke Snider
72.5%
#4 Indians/
Red Sox
Tris Speaker
46.6%
Quiz Playlist
Details
Report
Send in Message
Add To Playlist
More Info:
Players must have played at least 5 seasons to be listed in the hint heading. (Ex. Willie Mays played 2 seasons for the Mets, so that is not listed).
Classic:
Type in answers that appear in a list
Quiz Source
Last Updated: Feb 16, 2017
Quiz Scoreboard
CHALLENGE
Sign Up to Join the Scoreboard
Show All
Scores
Hide
Comments
May contain spoilers
Recently Published
Alphabetical 'K' Countries by Flag Minefield
by ylime102
Geography
3m
Pick 6: Fruits
by JohnFran
Miscellaneous
15s
Click the 1999 NBA Draft
by nibperrychub
Sports
2m
More to Explore
Quiz From the Vault
Featured Blog Post
15 Basketball Trivia Facts You Can Be March Mad About
hide this ad
You Might Also Like...
Tags
Baseball Quiz
MLB Quiz
Network Quiz
Center Fielders
Player
prime
Prime 9
team
Today's Top Quizzes in Sports
Browse Sports
hide this ad
Today's Top Quizzes in Network
Browse Network
Top Contributed Quizzes in Sports
1
Les joueurs à 100 buts en Ligue 1 Uber Eats
2
Pick 6: NFL Teams
3
MLB 2 truths and a lie: Hall of Fame pitchers
4
Criteria MLB: Left Handed Sluggers
5
2022 World Cup Stars
6
Don't Strike Out: 3000 Strikeouts
7
Millionaire: NBA Finals Edition
8
Pick 6: Minor League Baseball
9
Click the 1998 NBA Draft
10
Pick 6: Olympics
Explore More
Trending Topics
NBA
Kpop
Disney
Marvel
Crossword
Harry Potter
Anime
The Office
WWE
Song
Pokémon
NFL
Puzzle
Country
Soccer
hide this ad
More By:
smoggy14
Quiz
Plays
Rating
Category
Featured
Created
MLB First 40 HR Player by Team
67,911
4.55
Sports
Aug 30, 2010
Hail Sizes
16,947
4.33
Science
Jun 10, 2011
ESPN's Mt. Rushmore of Sports
12,277
4.21
Sports
Oct 7, 2009
Beat Joe DiMaggio's Hitting Streak
8,115
2.24
Sports
Nov 4, 2010
Sports Word Ladder
6,261
4.19
Sports
May 5, 2010
Go to Creator's Profile
Score Distribution
Quiz Creator Spotlight
smoggy14
Follow
Send a Message
Quizzes Created
-
Created Quiz Play Count
-
More By This Creator
Popular Quizzes Today
1
Countries of Asia Without Outlines Minefield
2
Find the US States - No Outlines Minefield
3
Pick 6: Fruits
4
Alphabetical 'K' Countries by Flag Minefield
5
The Countries of the World
6
Find the US States
7
US States
8
Match the Book to the Film X
More Sports Quizzes
Summer Olympics Cities by Logo
Editor's Pick
Trending Quizzes
Pick 6: Mountains
Pick 6: Harry Potter
Pick 6: NFL Teams
Pick 6: Movie Franchises
Pick 6: Golfers
Recently Updated
NWSL Teams
pecheneg
Women's Final Four Teams by Year
bhenderson79
Presidents Quartet II
eogle
Anything But Clue(do)
eogle
Anything But Oceanian Capitals
eogle
Anything But 7
eogle
Anything But Thing
eogle
Word Ladder: February 29
pecheneg
Song Title Questions
pecheneg
Women's NCAA Tournament #1 Seeds
pecheneg
Trending Topics
Anime
Harry Potter
NBA
Crossword
Disney
Marvel
Kpop
WWE
NFL
Song
Puzzle
The Office
Pokémon
Soccer
Country
Your Account Isn't Verified!
In order to create a playlist on Sporcle, you need to verify the email address you used during registration. Go to your
Sporcle Settings
to finish the process.
Report this User
Report this user for behavior that violates our
Community Guidelines
.
Details:
Send Report
Go to the Sporcle.com Mobile Site →
Comments